00000000nam##2200000za#4500
0019.665042
003CaOODSP
00520210615122007
007ta
008150407|2004||||xxc|||||     f|0| 0 fre|d
020 |a0-660-62469-9
040 |aCaOODSP|bfre
041 |aeng
041 |afre
043 |an-cn---
0861 |aPo2-9/2004
1102 |aSociété canadienne des postes.
24513|aLe répertoire des codes postaux canadiens 2004
260 |aOttawa - Ontario : |bSociété canadienne des postes |c2004.
300 |a2141p. ; |c28 cm.
500 |aL'ISBN (0-660-62459-9) imprimé dans cette publication est incorrect.
5203 |aCe répertoire renferme tous les codes postaux du Canada classés selon l’adresse municipale, y compris pour les cases postales et les routes. Il renferme des instructions sur la façon de l’utiliser, des conseils d’adressage, des renseignements sur les changements de nom de municipalité et de bureau de poste, les symboles pour les types de voie de communication, une carte du Canada et une section de pages bleues renfermant une liste des ministères et organismes fédéraux, leur adresse et leur code postale. Un index des municipalités et des bureaux de poste permet une référence rapide.
563 |aCouverture souple
69107|aService postal|2gcpds
69107|aRépertoire|2gcpds
791 |tThe Canadian postal code directory, 2004 |eeng|w(CaOODSP)9.665041